Oberösterreich Quiz - Statistiken

Allgemein
  • Dieses Quiz wurde 350 mal gespielt
  • Das Durchschnittsergebnis liegt bei 13 aus 20
Antwortstatistiken
Frage Antwort % Korrekt
Hauptstadt Oberösterreichs Linz
100%
Geburtsstadt Adolf Hitlers mit historischem Stadtkern Braunau am Inn
88%
Industriestadt im Zentrum des Landes, die den gleichen Namen wie eine Fischart trägt Wels
84%
Oberösterreich wird in vier "Vierteln" gegliedert (2) Innviertel
81%
Größtes Konzentrationslager auf österreichischem Gebiet während des Nazi-Regimes Mauthausen
80%
Oberösterreich wird in vier "Vierteln" gegliedert (3) Mühlviertel
80%
Oberösterreich wird in vier "Vierteln" gegliedert (4) Traunviertel
79%
Größter See Oberösterreichs Attersee
78%
Sitz der MAN-Werke Steyr
74%
Stahlproduzierendes Unternehmen mit Sitz in der Landeshauptstadt Voestalpine
72%
Höchster Punkt (2.995 m) Dachstein
64%
Oberösterreich wird in vier "Vierteln" gegliedert (1) Hausruckviertel
64%
Großer Fluss, der durch diese Stadt fließt, und in einer gleichnamigen Stadt in die Donau mündet Enns
63%
Bergige Region mit vielen Seen im Süden des Landes, in welcher dieser Berg liegt Salzkammergut
57%
Möglicherweise das bekannteste Dorf Österreichs, das am gleichnamigen See liegt Hallstatt
54%
Landeshauptmann Thomas Stelzer
54%
Das Schloss Ort befindet sich in dieser Stadt Gmunden
53%
Bezirk der Landeshauptstadt links der Donau, nach der auch ein Bezirk benannt ist Urfahr
51%
Große Schlinge der Donau, wo sich diese um 180° wendet Schlögener Schlinge
45%
Einer der bekanntesten und erfolgreichsten Fernsehmoderatoren des deutschen Fernsehens Frank Elstner
10%
Keine übereinstimmenden Quizze gefunden
Verteilung der Resultate
Anzahl Personen mit jedem Resultat
Perzentil nach korrekt beantworteten Fragen
Ihre Resultats-Entwicklung
Sie haben dieses Quiz noch nicht gespielt